| Tag |
First Indicator |
Second Indicator |
Subfields |
| LEADER |
00000cam a2200000 a 4500 |
| 001 |
in00000088366 |
| 005 |
20151008063149.0 |
| 007 |
hd afu b||| |
| 008 |
820412r1961 miu abs 00010 eng d |
| 010 |
|
|
|a mic61001707
|
| 035 |
|
|
|a (OCoLC)08329401
|
| 035 |
|
|
|9 AAK1709AM
|
| 040 |
|
|
|a TPN
|c TPN
|d TXA
|d UtOrBLW
|
| 049 |
|
|
|a TXAI
|
| 099 |
|
|
|a film
|a B
|a 1107
|
| 100 |
1 |
|
|a Schuster, Donald Herbert.
|
| 245 |
1 |
4 |
|a The development of attitude scales to predict accident repeater and moving violator drivers /
|c by Donald Herbert Schuster.
|
| 264 |
|
1 |
|a [Place of publication not identified] :
|b [publisher not identified] ;
|c 1961.
|
| 300 |
|
|
|a v, 113 leaves.
|
| 336 |
|
|
|a text
|b txt
|2 rdacontent
|
| 337 |
|
|
|a microform
|b h
|2 rdamedia
|
| 338 |
|
|
|a microfilm reel
|b hd
|2 rdacarrier
|
| 502 |
|
|
|b Ph. D.
|c University of Southern California
|d 1961.
|
| 504 |
|
|
|a Bibliography: leaves 104-113.
|
| 533 |
|
|
|a Microfilm.
|b Ann Arbor, Mich. :
|c University Microfilms,
|d 1961.
|e 1 microfilm reel ; 35 mm.
|
| 500 |
|
|
|a Microform.
|
| 650 |
|
0 |
|a Automobile drivers
|x Psychology.
|
| 650 |
|
0 |
|a Traffic violations.
|
| 650 |
|
0 |
|a Traffic accidents.
|
| 999 |
|
|
|a MARS
|
| 999 |
f |
f |
|s 95a600e1-8edf-3225-9a0f-0fe7371db457
|i 22b71572-5e17-3212-8d58-09be5df19bf6
|t 0
|
| 952 |
f |
f |
|p default
|a Texas A&M University
|b College Station
|c Sterling C. Evans Library
|d Evans: Microforms (3rd floor)
|t 0
|e film B 1107
|h Other scheme
|i microform -- microfilm reel
|
| 998 |
f |
f |
|a film B 1107
|t 0
|l Evans: Microforms (3rd floor)
|